[Event "Aut_chT1112"]
[Site "Jenbach"]
[Date "2012.04.20"]
[Round "9"]
[Board "6"]
[White "Hatzl, Stefan"]
[Black "Buchnicek, Petr"]
[Result "0-1"]
[WhiteElo "2162"]
[BlackElo "2330"]
[PlyCount "112"]
[EventDate "2012.01.20"]
[EventType "team"]
[EventRounds "11"]
[EventCountry "AUT"]
[WhiteTeam "SK Sparkasse Fuerstenfeld"]
[BlackTeam "SK Zwettl"]

1. e4 c6 2. Nc3 d5 3. Qe2 d4 4. Nd1 c5 5. g3 Nc6 6. d3 e5 7. f4 Bd6 8. Nf3 Qc7
9. f5 Bd7 10. Bh3 O-O-O 11. Ng5 Nh6 12. Ne6 fxe6 13. fxe6 Be8 14. e7+ Rd7 15.
Bxh6 gxh6 16. Qd2 Bxe7 17. Qxh6 Qd8 18. O-O Bg6 19. c3 Bg5 20. Bxd7+ Kc7 21.
Qh3 Qxd7 22. Qxd7+ Kxd7 23. h4 Bh6 24. Kg2 Bh5 25. a3 Ke7 26. Nf2 Rg8 27. Rae1
Bd2 28. Rb1 Bf4 29. g4 Bxg4 30. Nxg4 Rxg4+ 31. Kf3 Rg3+ 32. Ke2 Re3+ 33. Kd2
Rxe4+ 34. Kc2 Re2+ 35. Kb3 dxc3 36. bxc3 b5 37. a4 a6 38. axb5 axb5 39. Rbe1
Na5+ 40. Ka3 b4+ 41. cxb4 cxb4+ 42. Ka4 Rxe1 43. Rxe1 Nc6 44. Rg1 Kd6 45. Rg7
h6 46. Kb3 Kc5 47. Rd7 Nd4+ 48. Kb2 Bd2 49. Rc7+ Kd5 50. Rg7 Ke6 51. Rg2 Bc3+
52. Kb1 Kf5 53. h5 b3 54. Rf2+ Kg5 55. Re2 Nxe2 56. d4 Nxd4 0-1

[Event "Aut_chT1112"]
[Site "Jenbach"]
[Date "2012.04.20"]
[Round "9"]
[Board "1"]
[White "Bromberger, Stefan"]
[Black "Teske, Henrik"]
[Result "1-0"]
[WhiteElo "2513"]
[BlackElo "2554"]
[PlyCount "35"]
[EventDate "2012.01.20"]
[EventType "team"]
[EventRounds "11"]
[EventCountry "AUT"]
[WhiteTeam "SIR Bernhard Glatz"]
[BlackTeam "SpGem. Kufstein Woergl"]

1. e4 Nf6 2. e5 Nd5 3. c4 Nb6 4. d4 d6 5. f4 Bf5 6. Nc3 Nc6 7. Be3 g5 8. g4
gxf4 9. gxf5 fxe3 10. e6 Qc8 11. exf7+ Kd8 12. Bh3 h5 13. f6 Qb8 14. Nge2 Bh6
15. Rg1 exf6 16. Rg8+ Ke7 17. Rxb8 Raxb8 18. c5 1-0

[Event "Aut_chT1112"]
[Site "Jenbach"]
[Date "2012.04.20"]
[Round "9"]
[Board "2"]
[White "Zelbel, Patrick"]
[Black "Geske, Julian"]
[Result "1/2-1/2"]
[WhiteElo "2379"]
[BlackElo "2383"]
[PlyCount "79"]
[EventDate "2012.01.20"]
[EventType "team"]
[EventRounds "11"]
[EventCountry "AUT"]
[WhiteTeam "SpGem. Kufstein Woergl"]
[BlackTeam "SIR Bernhard Glatz"]

1. e4 e5 2. Nf3 Nc6 3. Bc4 Nf6 4. Ng5 d5 5. exd5 Na5 6. Bb5+ c6 7. dxc6 bxc6 8.
Bd3 Nd5 9. h4 Nf4 10. Bf1 f6 11. Ne4 f5 12. g3 Ne6 13. Ng5 Bc5 14. d3 O-O 15.
Nc3 f4 16. Nce4 Bb6 17. Qh5 h6 18. Bh3 Nd4 19. Qg6 hxg5 20. Nxg5 Bf5 21. Bxf5
Rxf5 22. Qh7+ Kf8 23. Qxf5+ Nxf5 24. Ne6+ Kf7 25. Nxd8+ Rxd8 26. gxf4 Nd4 27.
Kd1 e4 28. Be3 exd3 29. cxd3 Nb7 30. Rh3 Nc5 31. Bxd4 Rxd4 32. Ke2 Rxf4 33. Rf3
Rxf3 34. Kxf3 Nxd3 35. b3 Nxf2 36. Rf1 Kg6 37. Rxf2 Bxf2 38. Kxf2 Kh5 39. Kg3
g5 40. hxg5 1/2-1/2

[Event "Aut_chT1112"]
[Site "Jenbach"]
[Date "2012.04.20"]
[Round "9"]
[Board "3"]
[White "Pitl, Gregory"]
[Black "Koepke, Christian"]
[Result "1/2-1/2"]
[WhiteElo "2388"]
[BlackElo "2398"]
[PlyCount "37"]
[EventDate "2012.01.20"]
[EventType "team"]
[EventRounds "11"]
[EventCountry "AUT"]
[WhiteTeam "SIR Bernhard Glatz"]
[BlackTeam "SpGem. Kufstein Woergl"]

1. c4 Nf6 2. g3 g6 3. Bg2 Bg7 4. Nc3 O-O 5. e4 d6 6. Nge2 c5 7. O-O Nc6 8. d3
a6 9. h3 Rb8 10. a4 Ne8 11. Be3 Nc7 12. d4 cxd4 13. Nxd4 Ne6 14. Nde2 Nc5 15.
Rb1 Nb4 16. Qd2 Nb3 17. Qd1 Nc5 18. Qd2 Nb3 19. Qd1 1/2-1/2

[Event "Aut_chT1112"]
[Site "Jenbach"]
[Date "2012.04.20"]
[Round "9"]
[Board "4"]
[White "Neuschmied, Siegfried"]
[Black "Schramm, Christian"]
[Result "0-1"]
[WhiteElo "2308"]
[BlackElo "2371"]
[PlyCount "62"]
[EventDate "2012.01.20"]
[EventType "team"]
[EventRounds "11"]
[EventCountry "AUT"]
[WhiteTeam "SpGem. Kufstein Woergl"]
[BlackTeam "SIR Bernhard Glatz"]

1. e4 d5 2. exd5 Qxd5 3. Nc3 Qa5 4. d4 Nf6 5. Bc4 Nc6 6. d5 Ne5 7. Bb3 e6 8.
Qe2 Bd6 9. Bd2 Qc5 10. f4 Ng6 11. f5 Nf4 12. Bxf4 Bxf4 13. Nh3 Be3 14. fxe6 O-O
15. Qc4 fxe6 16. Qxc5 Bxc5 17. dxe6 Re8 18. Ng5 h6 19. e7+ Kh8 20. Nf7+ Kh7 21.
O-O-O Rxe7 22. Rd8 b6 23. Rhd1 Bb7 24. g3 a6 25. a3 Re8 26. Rxa8 Bxa8 27. Nd8
Bf3 28. Rd3 Bg4 29. h4 Bf2 30. Nd5 Re1+ 31. Kd2 Ne4# 0-1

[Event "Aut_chT1112"]
[Site "Jenbach"]
[Date "2012.04.20"]
[Round "9"]
[Board "5"]
[White "Huch, Reiner"]
[Black "Levushkina, Elena"]
[Result "0-1"]
[WhiteElo "2321"]
[BlackElo "2310"]
[PlyCount "94"]
[EventDate "2012.01.20"]
[EventType "team"]
[EventRounds "11"]
[EventCountry "AUT"]
[WhiteTeam "SIR Bernhard Glatz"]
[BlackTeam "SpGem. Kufstein Woergl"]

1. c4 e5 2. Nc3 Nf6 3. Nf3 Nc6 4. a3 a5 5. d4 exd4 6. Nxd4 Bc5 7. Ndb5 O-O 8.
Bf4 d6 9. e3 Bf5 10. Bg5 Ne5 11. Bxf6 gxf6 12. Be2 Kh8 13. O-O Rg8 14. Kh1 Be6
15. b3 f5 16. g3 Rg6 17. Qc2 Qd7 18. Rfd1 Rag8 19. Qb2 f6 20. Nd4 Rh6 21. Nd5
Bxd5+ 22. cxd5 f4 23. Ne6 fxg3 24. fxg3 Rxg3 25. Rg1 Rgg6 26. Qc3 Bb6 27. Raf1
Qf7 28. Nf4 Rxg1+ 29. Rxg1 Ng6 30. Ne6 Rh3 31. Rg3 Rxg3 32. hxg3 Ne5 33. Kg2
Qg6 34. Nxc7 Qe4+ 35. Kf2 Bxc7 36. Qxc7 Qxd5 37. Qd8+ Kg7 38. Qe7+ Nf7 39. Bc4
Qf5+ 40. Ke2 d5 41. Bd3 Qh5+ 42. Kf2 b6 43. Bf1 Qf5+ 44. Kg1 Qe5 45. Qxe5 fxe5
46. Bg2 e4 47. Kf2 Kf6 0-1

[Event "Aut_chT1112"]
[Site "Jenbach"]
[Date "2012.04.20"]
[Round "9"]
[Board "1"]
[White "Bosiocic, Marin"]
[Black "Balogh, Csaba"]
[Result "1/2-1/2"]
[WhiteElo "2562"]
[BlackElo "2664"]
[PlyCount "134"]
[EventDate "2012.01.20"]
[EventType "team"]
[EventRounds "11"]
[EventCountry "AUT"]
[WhiteTeam "ASVOE Signum Druck St. Veit/Glan"]
[BlackTeam "SK Advisory Invest Baden"]

1. c4 e5 2. g3 Nf6 3. Bg2 c6 4. d4 Bb4+ 5. Bd2 Bxd2+ 6. Qxd2 e4 7. d5 cxd5 8.
cxd5 O-O 9. Nc3 Re8 10. Qd4 e3 11. fxe3 d6 12. Nf3 Ng4 13. e4 Nd7 14. O-O a6
15. Rac1 b5 16. a4 Nc5 17. Nd2 bxa4 18. h3 Ne5 19. Nxa4 Nxa4 20. Qxa4 Qb6+ 21.
Kh2 Bd7 22. Nc4 Nxc4 23. Qxc4 Rac8 24. Qd3 Rxc1 25. Rxc1 Qxb2 26. Rb1 Qa2 27.
Rb7 Bb5 28. Qf3 Rf8 29. e3 Qa1 30. Ra7 Qf6 31. Qxf6 gxf6 32. Bf3 Bd3 33. Bh5
Bxe4 34. Rxa6 Rd8 35. Ra4 Bxd5 36. Rd4 Be6 37. Bf3 Rb8 38. Rxd6 Rb3 39. Kg2
Rxe3 40. Kf2 Ra3 41. h4 f5 42. Rd4 Kg7 43. Rb4 Kf6 44. Ke2 Ra5 45. Kf2 Ke5 46.
Ke3 Bd7 47. Kf2 Bb5 48. Ke3 Ra3+ 49. Kf2 Bd3 50. Rb7 Bc4 51. Rb4 Rc3 52. Ra4
Bd3 53. Ra5+ Kf6 54. Ra4 h6 55. Bd5 Rc5 56. Bf3 Re5 57. Ra7 Be4 58. Bh5 Bd5 59.
Bf3 Be6 60. Ra4 Rb5 61. Ke3 Ke5 62. Ra3 Bc4 63. Be2 Bxe2 64. Kxe2 f4 65. gxf4+
Kxf4 66. Rf3+ Kg4 67. Rxf7 Kxh4 1/2-1/2

[Event "Aut_chT1112"]
[Site "Jenbach"]
[Date "2012.04.20"]
[Round "9"]
[Board "2"]
[White "Socko, Bartosz"]
[Black "Prohaszka, Peter"]
[Result "1-0"]
[WhiteElo "2647"]
[BlackElo "2553"]
[PlyCount "105"]
[EventDate "2012.01.20"]
[EventType "team"]
[EventRounds "11"]
[EventCountry "AUT"]
[WhiteTeam "SK Advisory Invest Baden"]
[BlackTeam "ASVOE Signum Druck St. Veit/Glan"]

1. d4 d5 2. c4 c6 3. e3 Nf6 4. Nf3 g6 5. Nc3 Bg7 6. Be2 O-O 7. O-O Be6 8. b3
Ne4 9. Bb2 Nxc3 10. Bxc3 Bg4 11. h3 Bxf3 12. Bxf3 e6 13. Rc1 Nd7 14. Qe2 a6 15.
e4 dxe4 16. Bxe4 Re8 17. Rfd1 Qb8 18. g3 Qd6 19. Bg2 Rac8 20. a4 Qc7 21. a5 c5
22. b4 cxb4 23. Bxb4 Nb8 24. Qd2 Nc6 25. d5 Nxb4 26. d6 Qxa5 27. d7 b6 28. Rb1
Bf8 29. dxe8=N Rxe8 30. Qd7 Rb8 31. Qc7 Re8 32. Qd7 Rb8 33. Qc7 Re8 34. Bc6 Re7
35. Qc8 Kg7 36. Rd8 Nxc6 37. Qxc6 b5 38. Rc8 Ra7 39. c5 b4 40. Rc1 Qa3 41. Rd1
Be7 42. Qe8 Qb3 43. Rd4 Qc3 44. Rf4 Qe1+ 45. Kg2 f5 46. Rh4 h5 47. Qh8+ Kf7 48.
Rg8 e5 49. Rg7+ Kf6 50. Rh7+ Ke6 51. Qg8+ Kd7 52. Qd5+ Kc8 53. Qc6+ 1-0

[Event "Aut_chT1112"]
[Site "Jenbach"]
[Date "2012.04.20"]
[Round "9"]
[Board "4"]
[White "Shengelia, David"]
[Black "Hoelzl, Franz"]
[Result "0-1"]
[WhiteElo "2558"]
[BlackElo "2336"]
[PlyCount "132"]
[EventDate "2012.01.20"]
[EventType "team"]
[EventRounds "11"]
[EventCountry "AUT"]
[WhiteTeam "SK Advisory Invest Baden"]
[BlackTeam "ASVOE Signum Druck St. Veit/Glan"]

1. d4 Nf6 2. Nf3 d5 3. c4 e6 4. Nc3 dxc4 5. e3 a6 6. a4 c5 7. Bxc4 Nc6 8. O-O
Be7 9. b3 O-O 10. Bb2 cxd4 11. exd4 Qb6 12. Qe2 Rd8 13. Rfd1 Nd5 14. Ne5 Nxc3
15. Bxc3 Nxe5 16. dxe5 Bd7 17. Qe1 Qc7 18. Ba5 b6 19. Bb4 Bxb4 20. Qxb4 Qxe5
21. Qxb6 a5 22. Ra2 Rdb8 23. Qd6 Qxd6 24. Rxd6 Be8 25. f4 Kf8 26. Kf2 Ke7 27.
Rd4 Rc8 28. Ke3 Rc5 29. h4 h5 30. Kd3 Bc6 31. Re2 Rc8 32. g3 Kf6 33. Kc3 Rb8
34. Rd6 Ke7 35. Rd3 Rc8 36. Re5 Rxe5 37. fxe5 Bd5 38. Rd4 f6 39. exf6+ gxf6 40.
Kd2 Kd6 41. Be2 Kc5 42. Rd3 Kb4 43. Bxh5 Bxb3 44. Rd4+ Kc5 45. Rf4 f5 46. Bg6
Kd6 47. g4 Ke5 48. Rf3 Rd8+ 49. Ke3 Bd1 50. Rf1 Bxg4 51. h5 Rb8 52. Rh1 Kf6 53.
Kd4 e5+ 54. Kd3 e4+ 55. Ke3 Ke5 56. h6 Rh8 57. h7 f4+ 58. Kd2 e3+ 59. Kd3 Kf6
60. Ke4 Kg5 61. Bf7 Rxh7 62. Rxh7 Bf5+ 63. Kf3 Bxh7 64. Bd5 Bc2 65. Bc6 Bd1+
66. Kg2 Kf5 0-1

[Event "Aut_chT1112"]
[Site "Jenbach"]
[Date "2012.04.20"]
[Round "9"]
[Board "5"]
[White "Mazi, Leon"]
[Black "Siebrecht, Sebastian"]
[Result "0-1"]
[WhiteElo "2370"]
[BlackElo "2463"]
[PlyCount "68"]
[EventDate "2012.01.20"]
[EventType "team"]
[EventRounds "11"]
[EventCountry "AUT"]
[WhiteTeam "ASVOE Signum Druck St. Veit/Glan"]
[BlackTeam "SK Advisory Invest Baden"]

1. e4 c5 2. Nf3 e6 3. d4 cxd4 4. Nxd4 a6 5. Nc3 Qc7 6. Bd3 Bd6 7. Qg4 Be5 8.
Nde2 g6 9. Bf4 d6 10. Be3 Nc6 11. f4 Bg7 12. O-O Nf6 13. Qh4 h6 14. Rae1 b5 15.
Nd4 O-O 16. e5 Ne8 17. Nxc6 Qxc6 18. Ne4 Bb7 19. Rf3 Qc7 20. Rh3 Qd8 21. Qf2
Rc8 22. Bb6 Qe7 23. Bd4 Bxe4 24. Bxe4 Rc4 25. Bd3 Rc6 26. exd6 Qxd6 27. Bxg7
Kxg7 28. Re5 Nf6 29. Qh4 Qd4+ 30. Kh1 h5 31. c3 Qd8 32. Rg5 Rd6 33. Bf1 Rd1 34.
Kg1 Qb6+ 0-1

[Event "Aut_chT1112"]
[Site "Jenbach"]
[Date "2012.04.20"]
[Round "9"]
[Board "6"]
[White "Schneider, Veronika"]
[Black "Kuess, Mario"]
[Result "1-0"]
[WhiteElo "2312"]
[BlackElo "2106"]
[PlyCount "68"]
[EventDate "2012.01.20"]
[EventType "team"]
[EventRounds "11"]
[EventCountry "AUT"]
[WhiteTeam "SK Advisory Invest Baden"]
[BlackTeam "ASVOE Signum Druck St. Veit/Glan"]

1. e4 d5 2. exd5 Nf6 3. d4 Nxd5 4. c4 Nb6 5. Nf3 g6 6. Nc3 Bg7 7. c5 Nd5 8. Bc4
c6 9. O-O O-O 10. Re1 Nxc3 11. bxc3 e6 12. a4 Re8 13. a5 Nd7 14. Bf4 Nf6 15.
Qd2 Nd5 16. Bd6 Bf8 17. Bxf8 Rxf8 18. Bxd5 cxd5 19. Qf4 Bd7 20. Reb1 Rb8 21.
Ne5 f6 22. Nd3 Bc6 23. Qg4 Bd7 24. Qg3 Re8 25. h4 Kf7 26. Rb2 Bc6 27. a6 b5 28.
cxb6 Rxb6 29. Rab1 Rxb2 30. Rxb2 Qc8 31. Nb4 Ba8 32. Re2 Qc4 33. Qe3 Kg7 34.
Qd3 Qxd3 1-0

[Event "Aut_chT1112"]
[Site "Jenbach"]
[Date "2012.04.20"]
[Round "9"]
[Board "4"]
[White "Bischoff, Klaus"]
[Black "Froewis, Georg"]
[Result "1-0"]
[WhiteElo "2521"]
[BlackElo "2407"]
[PlyCount "89"]
[EventDate "2012.01.20"]
[EventType "team"]
[EventRounds "11"]
[EventCountry "AUT"]
[WhiteTeam "SK Sparkasse Jenbach"]
[BlackTeam "SK Hohenems"]

1. Nf3 d5 2. e3 Nf6 3. b3 Bg4 4. Bb2 Nbd7 5. h3 Bh5 6. d3 e6 7. Nbd2 c6 8. a3
Bxf3 9. Nxf3 Bd6 10. g3 Qe7 11. Bg2 O-O 12. O-O e5 13. Nd2 Rad8 14. e4 dxe4 15.
dxe4 Nc5 16. Qe2 Bc7 17. a4 Rd7 18. Nc4 Rfd8 19. Ba3 b6 20. Rfe1 Bd6 21. a5 Bc7
22. axb6 axb6 23. Bb4 b5 24. Na5 Bxa5 25. Bxa5 Rc8 26. Bb4 Rd4 27. Bc3 Rdd8 28.
Qe3 Ncd7 29. Red1 Nf8 30. h4 Rxd1+ 31. Rxd1 Rd8 32. Rxd8 Qxd8 33. Qe1 Qd6 34.
Qa1 N6d7 35. Bh3 h6 36. b4 Ne6 37. Kg2 Kh7 38. Qa7 Nef8 39. Qe3 Ne6 40. Qd3 Qe7
41. Ba1 Nef8 42. c4 Qxb4 43. Bxd7 bxc4 44. Bf5+ g6 45. Qf3 1-0

[Event "Aut_chT1112"]
[Site "Jenbach"]
[Date "2012.04.20"]
[Round "9"]
[Board "5"]
[White "Novkovic, Milan"]
[Black "Boensch, Uwe"]
[Result "1/2-1/2"]
[WhiteElo "2381"]
[BlackElo "2530"]
[PlyCount "61"]
[EventDate "2012.01.20"]
[EventType "team"]
[EventRounds "11"]
[EventCountry "AUT"]
[WhiteTeam "SK Hohenems"]
[BlackTeam "SK Sparkasse Jenbach"]

1. d4 Nf6 2. c4 e6 3. Nc3 d5 4. cxd5 exd5 5. Bg5 c6 6. Qc2 Be7 7. e3 Nbd7 8.
Bd3 O-O 9. Nf3 Re8 10. h3 Nf8 11. O-O Be6 12. Rab1 N6d7 13. Bf4 Nb6 14. b4 Rc8
15. a4 Bd6 16. Bxd6 Qxd6 17. a5 Nbd7 18. Na4 g6 19. Nc5 b6 20. Nxd7 Nxd7 21.
axb6 axb6 22. Rfc1 c5 23. bxc5 bxc5 24. dxc5 Nxc5 25. Nd4 Bd7 26. Qd2 Qf6 27.
Rc2 Ne6 28. Nxe6 Bxe6 29. Rxc8 Rxc8 30. Qb2 Qxb2 31. Rxb2 1/2-1/2

[Event "Aut_chT1112"]
[Site "Jenbach"]
[Date "2012.04.20"]
[Round "9"]
[Board "6"]
[White "Lehner, Oliver"]
[Black "Baldauf, Marco"]
[Result "1/2-1/2"]
[WhiteElo "2453"]
[BlackElo "2374"]
[PlyCount "93"]
[EventDate "2012.01.20"]
[EventType "team"]
[EventRounds "11"]
[EventCountry "AUT"]
[WhiteTeam "SK Sparkasse Jenbach"]
[BlackTeam "SK Hohenems"]

1. c4 e6 2. Nf3 d5 3. d4 Nf6 4. Bg5 h6 5. Bxf6 Qxf6 6. e3 Nd7 7. Nc3 c6 8. Bd3
g6 9. O-O dxc4 10. Bxc4 Bg7 11. a4 a5 12. Ba2 O-O 13. Rc1 b6 14. Qb3 Qe7 15.
Nd2 Bb7 16. Rfd1 Rab8 17. Nc4 Rfd8 18. Bb1 Ba8 19. Be4 Qb4 20. Qa2 b5 21. axb5
cxb5 22. Nxa5 Bxe4 23. Nxe4 Ra8 24. Ra1 e5 25. Qb3 Qxb3 26. Nxb3 Rxa1 27. Rxa1
Nb6 28. Nc3 exd4 29. exd4 Nc4 30. Rb1 Bxd4 31. Nxd4 Rxd4 32. Nxb5 Rd7 33. Nc3
Rb7 34. b4 Nd2 35. Rd1 Rc7 36. Nd5 Rc2 37. h4 Rb2 38. f3 h5 39. Rc1 Kg7 40. Rd1
Nc4 41. Rd4 Nd6 42. g4 hxg4 43. fxg4 Nb5 44. Rc4 Rd2 45. Nf4 Nd4 46. Kf1 Nf3
47. h5 1/2-1/2

[Event "Aut_chT1112"]
[Site "Jenbach"]
[Date "2012.04.20"]
[Round "9"]
[Board "1"]
[White "Antoniewski, Rafal"]
[Black "Lenic, Luka"]
[Result "1/2-1/2"]
[WhiteElo "2559"]
[BlackElo "2637"]
[PlyCount "38"]
[EventDate "2012.01.20"]
[EventType "team"]
[EventRounds "11"]
[EventCountry "AUT"]
[WhiteTeam "ASVOE Wulkaprodersdorf"]
[BlackTeam "SV Raika Rapid Feffernitz"]

1. e4 c6 2. d4 d5 3. exd5 cxd5 4. c4 Nf6 5. Nc3 e6 6. Nf3 Bb4 7. Bd3 dxc4 8.
Bxc4 O-O 9. O-O Nbd7 10. Bg5 Bxc3 11. bxc3 Qc7 12. Qd3 b6 13. Bh4 Bb7 14. Bg3
Qc8 15. Nd2 Bd5 16. Ba6 Bb7 17. Bc4 Bd5 18. Ba6 Bb7 19. Bc4 Bd5 1/2-1/2

[Event "Aut_chT1112"]
[Site "Jenbach"]
[Date "2012.04.20"]
[Round "9"]
[Board "2"]
[White "Sebenik, Matej"]
[Black "Kraemer, Martin"]
[Result "1/2-1/2"]
[WhiteElo "2529"]
[BlackElo "2492"]
[PlyCount "99"]
[EventDate "2012.01.20"]
[EventType "team"]
[EventRounds "11"]
[EventCountry "AUT"]
[WhiteTeam "SV Raika Rapid Feffernitz"]
[BlackTeam "ASVOE Wulkaprodersdorf"]

1. d4 Nf6 2. c4 e6 3. g3 c5 4. d5 exd5 5. cxd5 d6 6. Nc3 g6 7. Bg2 Bg7 8. Nf3
O-O 9. O-O Re8 10. Bf4 Na6 11. Re1 Bf5 12. Nd2 Nh5 13. Be3 Rb8 14. Nde4 b5 15.
a3 Bxe4 16. Nxe4 Bxb2 17. g4 Rxe4 18. Bxe4 Qh4 19. h3 Re8 20. Bg2 Bxa1 21. Qxa1
Rxe3 22. fxe3 Nf6 23. Rb1 Nc7 24. Qc3 Ncxd5 25. Qa5 Qg3 26. Rf1 Qxe3+ 27. Kh1
Ne4 28. Rf3 Qxe2 29. Qxa7 Ne7 30. Qd7 Kg7 31. Qe8 Nf6 32. Qb8 Ne4 33. Qe8 Nf6
34. Qb8 Qd1+ 35. Rf1 Qd4 36. Qb7 Qe5 37. Qxb5 h5 38. Qb1 d5 39. Qe1 Qd6 40. Qf2
hxg4 41. hxg4 g5 42. a4 d4 43. a5 d3 44. a6 Qxa6 45. Qxc5 Ng6 46. Qxg5 Qe6 47.
Qf5 Nxg4 48. Qxd3 Qe5 49. Rxf7+ Kxf7 50. Qd5+ 1/2-1/2

[Event "Aut_chT1112"]
[Site "Jenbach"]
[Date "2012.04.20"]
[Round "9"]
[Board "3"]
[White "Polzin, Rainer"]
[Black "Okhotnik, Vladimir"]
[Result "1/2-1/2"]
[WhiteElo "2460"]
[BlackElo "2489"]
[PlyCount "85"]
[EventDate "2012.01.20"]
[EventType "team"]
[EventRounds "11"]
[EventCountry "AUT"]
[WhiteTeam "ASVOE Wulkaprodersdorf"]
[BlackTeam "SV Raika Rapid Feffernitz"]

1. e4 e5 2. Nf3 d6 3. d4 exd4 4. Nxd4 Nf6 5. Nc3 Be7 6. Bf4 O-O 7. Qd2 c6 8.
O-O-O Re8 9. f3 Qc7 10. g4 Nbd7 11. g5 Nh5 12. Be3 g6 13. Be2 Nb6 14. a3 a6 15.
f4 d5 16. f5 Nc4 17. Bxc4 dxc4 18. Qf2 b5 19. e5 Bxf5 20. Nxf5 gxf5 21. Qxf5
Ng7 22. Qf3 Qxe5 23. Bd4 Qf5 24. Qxc6 Rac8 25. Qb7 Rb8 26. Qd5 Bxg5+ 27. Kb1
Qxd5 28. Nxd5 Rbd8 29. Nf6+ Bxf6 30. Bxf6 Rxd1+ 31. Rxd1 Nh5 32. Bc3 h6 33. a4
Nf4 34. Rg1+ Ng6 35. h4 h5 36. axb5 axb5 37. Rg5 Re4 38. Rxh5 Rxh4 39. Rxb5 Rf4
40. Rc5 f5 41. Rc8+ Kf7 42. Rc7+ Ke8 43. b4 1/2-1/2

[Event "Aut_chT1112"]
[Site "Jenbach"]
[Date "2012.04.20"]
[Round "9"]
[Board "4"]
[White "Gostisa, Leon"]
[Black "Schneider, Ilja"]
[Result "1-0"]
[WhiteElo "2420"]
[BlackElo "2480"]
[PlyCount "93"]
[EventDate "2012.01.20"]
[EventType "team"]
[EventRounds "11"]
[EventCountry "AUT"]
[WhiteTeam "SV Raika Rapid Feffernitz"]
[BlackTeam "ASVOE Wulkaprodersdorf"]

1. d4 d5 2. Nf3 Nf6 3. c4 c6 4. Nc3 a6 5. cxd5 cxd5 6. Bf4 Nc6 7. e3 Bg4 8. Be2
e6 9. O-O Bd6 10. Bg3 O-O 11. Rc1 Rc8 12. Na4 Ne4 13. Bxd6 Qxd6 14. h3 Bh5 15.
Nd2 Nxd2 16. Qxd2 Bxe2 17. Qxe2 Rc7 18. Rc3 Rfc8 19. Rfc1 Nb4 20. Rxc7 Rxc7 21.
Rxc7 Qxc7 22. a3 Nc6 23. Qc2 g6 24. b4 e5 25. e4 Qd8 26. dxe5 d4 27. Nb2 Nxe5
28. f4 Nc6 29. Nd3 Qe7 30. e5 g5 31. Qe2 gxf4 32. Qg4+ Kh8 33. Qxf4 Qe6 34. Nc5
Qxe5 35. Qxf7 Ne7 36. Qe6 Qxe6 37. Nxe6 d3 38. Kf2 Nd5 39. Nc5 Nf4 40. Ne4 Kg7
41. Kf3 Nd5 42. g3 b6 43. Nd2 Nc3 44. Ke3 Nd1+ 45. Kxd3 Nf2+ 46. Kd4 Nxh3 47.
Kd5 1-0

[Event "Aut_chT1112"]
[Site "Jenbach"]
[Date "2012.04.20"]
[Round "9"]
[Board "5"]
[White "Thiede, Lars"]
[Black "Diermair, Andreas"]
[Result "1-0"]
[WhiteElo "2458"]
[BlackElo "2416"]
[PlyCount "85"]
[EventDate "2012.01.20"]
[EventType "team"]
[EventRounds "11"]
[EventCountry "AUT"]
[WhiteTeam "ASVOE Wulkaprodersdorf"]
[BlackTeam "SV Raika Rapid Feffernitz"]

1. e4 c6 2. Ne2 d5 3. e5 c5 4. d4 Nc6 5. c3 Bf5 6. Be3 Nh6 7. Ng3 cxd4 8. cxd4
Bxb1 9. Rxb1 e6 10. a3 Qa5+ 11. Bd2 Qb6 12. Bc3 Be7 13. b4 a6 14. Bd3 O-O 15.
O-O f6 16. exf6 Bxf6 17. Ne2 Kh8 18. b5 axb5 19. Rxb5 Qc7 20. Qb3 Ra7 21. g3
Nf7 22. Qc2 Nd6 23. Rb3 Na5 24. Rbb1 Nac4 25. Bb4 b5 26. Bxh7 g5 27. Bg6 Qg7
28. Qd3 Rg8 29. Bh5 Raa8 30. Bg4 Rae8 31. Bxd6 Nxd6 32. Rfc1 Qd7 33. Rc5 Qb7
34. Nc3 Qg7 35. Nxb5 Nxb5 36. Rcxb5 Rgf8 37. Rb7 Re7 38. Rxe7 Bxe7 39. Rb7 Qf6
40. Qe2 Bxa3 41. Bxe6 g4 42. Qc2 Be7 43. Bxg4 1-0

[Event "Aut_chT1112"]
[Site "Jenbach"]
[Date "2012.04.20"]
[Round "9"]
[Board "3"]
[White "Pavasovic, Dusko"]
[Black "Tuncer, Ufuk"]
[Result "1-0"]
[WhiteElo "2557"]
[BlackElo "2287"]
[PlyCount "73"]
[EventDate "2012.01.20"]
[EventType "team"]
[EventRounds "11"]
[EventCountry "AUT"]
[WhiteTeam "SK MPOE Maria Saal"]
[BlackTeam "ASVOE Poechlarn/Mauerbach"]

1. e4 c5 2. Nf3 d6 3. d4 cxd4 4. Qxd4 Nc6 5. Bb5 Bd7 6. Bxc6 Bxc6 7. Nc3 Nf6 8.
Bg5 e6 9. O-O-O Be7 10. Qd3 h6 11. Bh4 a6 12. Nd4 Qc7 13. f4 g5 14. fxg5 Ng4
15. Qd2 Rg8 16. Nf3 Ne5 17. g6 Rxg6 18. Bxe7 Qxe7 19. Qxd6 Nc4 20. Qd4 Qb4 21.
Nb1 Rxg2 22. Rhg1 Rxg1 23. Rxg1 Ke7 24. b3 Rd8 25. Qxc4 Qxc4 26. bxc4 Bxe4 27.
Nbd2 Bxf3 28. Nxf3 Rc8 29. Rg7 Rc5 30. Kb2 Rf5 31. Rg3 Kf8 32. h3 e5 33. Nd2
Rf4 34. Re3 f6 35. Rb3 Rd4 36. Kc3 Rd7 37. Rb6 1-0

[Event "Aut_chT1112"]
[Site "Jenbach"]
[Date "2012.04.20"]
[Round "9"]
[Board "4"]
[White "Graf, Felix"]
[Black "Tratar, Marko"]
[Result "1/2-1/2"]
[WhiteElo "2378"]
[BlackElo "2499"]
[PlyCount "60"]
[EventDate "2012.01.20"]
[EventType "team"]
[EventRounds "11"]
[EventCountry "AUT"]
[WhiteTeam "ASVOE Poechlarn/Mauerbach"]
[BlackTeam "SK MPOE Maria Saal"]

1. d4 Nf6 2. c4 e6 3. Nf3 Bb4+ 4. Nbd2 O-O 5. a3 Bxd2+ 6. Bxd2 d6 7. g3 b6 8.
Bg2 Bb7 9. O-O Nbd7 10. b4 Qe7 11. Qc2 Be4 12. Qb2 c5 13. dxc5 bxc5 14. Rfc1 a6
15. Bc3 Rfc8 16. Bf1 Rab8 17. Nd2 Ba8 18. b5 d5 19. e3 dxc4 20. a4 Nd5 21. Bxc4
Nxc3 22. Qxc3 axb5 23. axb5 Nb6 24. Be2 c4 25. Bf3 Bxf3 26. Nxf3 Nd5 27. Qd4
Qc5 28. Qxc5 Rxc5 29. Ne5 Rcxb5 30. Nxc4 Rc5 1/2-1/2

[Event "Aut_chT1112"]
[Site "Jenbach"]
[Date "2012.04.20"]
[Round "9"]
[Board "5"]
[White "Kreisl, Robert"]
[Black "Kostic, Vladimir"]
[Result "1/2-1/2"]
[WhiteElo "2400"]
[BlackElo "2424"]
[PlyCount "80"]
[EventDate "2012.01.20"]
[EventType "team"]
[EventRounds "11"]
[EventCountry "AUT"]
[WhiteTeam "SK MPOE Maria Saal"]
[BlackTeam "ASVOE Poechlarn/Mauerbach"]

1. Nf3 Nf6 2. c4 d6 3. d4 g6 4. g3 Bg7 5. Bg2 O-O 6. O-O c6 7. Nc3 Qa5 8. e4
Bg4 9. h3 Bxf3 10. Bxf3 e5 11. d5 cxd5 12. cxd5 Rc8 13. Bd2 Nbd7 14. Qe2 a6 15.
a3 Qd8 16. Rab1 Qf8 17. Bg4 Nxg4 18. hxg4 Qe7 19. Rfc1 Bf6 20. Qe3 Qe8 21. Kg2
Bg7 22. Nd1 Rxc1 23. Rxc1 Rc8 24. Bb4 Bf8 25. Rxc8 Qxc8 26. Qc3 Qd8 27. Ne3 Nf6
28. f3 h5 29. gxh5 Nxh5 30. Nf1 Bh6 31. Qc2 Kh7 32. Bd2 Bxd2 33. Nxd2 Qg5 34.
Nf1 Qd8 35. Nd2 Kg7 36. Qc3 Kh7 37. Qc2 Qb6 38. Nc4 Qd8 39. Nd2 Qg5 40. Nf1 Qd8
1/2-1/2